Principales compétitions de rugby à XV dans le monde - Statistiques

Statistiques générales
  • Ce quiz a été pris 38 fois
  • Le résultat moyen est 5 sur 15
Statistiques - réponses
Type de championnat Pays Division/type Réponse % Correct
Championnat National 1ère Top 14
100%
Championnat National 2ème Pro D2
93%
Championnat National 1ère Premiership
57%
Championnat International 1ère Champions Cup
53%
Championnat International 2ème Challenge Cup
47%
Championnat Transnational Ligue fermée United Rugby Championship
43%
Championnat National Ligue fermée Major League Rugby
33%
Championnat Transnational Ligue fermée Super Rugby Pacific
23%
Championnat National de provinces 1ère Currie Cup
20%
Championnat National 1ère Serie A Élite
20%
Championnat National de provinces 1ère National Provincial Championship
13%
Championnat National Ligue fermée League One
10%
Championnat Transnational Ligue fermée Rugby Europe Super Cup
10%
Championnat Transnational Ligue fermée Súper Rugby Américas
10%
Championnat National 2ème The RFU Championship
3%
Aucun quiz correspondant
Distribution des résultats
% des personnes avec chaque résultat
Percentile par nombre de réponses
Votre historique - résultats
Vous n’avez pas pris ce quiz